000 00846nam a2200265 a 4500
001 75120
003 BD-RjUL
005 20211209082642.0
008 190123s1946 enk 000 0 eng
035 _a(BD-RjUL)75338
035 _a(OCoLC)1412147
040 _aDLC
_cOU
_dDLC
_dBD-RjUL
_beng
041 _aeng
042 _apremarc
082 _223
_a296
_bPAE 1946
100 1 _aParkes, James,
_d1896-1981.
_9227266
245 1 4 _aThe emergence of the Jewish problem, 1878-1939 /
_c[by] James Parkes. Issued under the auspices of the Royal institute of international affairs.
260 _aLondon;
_aNew York:
_bOxford University Press,
_c1946.
300 _axxiv, 259, [1] p. ;
_c22 cm.
504 _a"Bibliographical notes": p. 245-252.
650 0 _aJews.
_9227267
942 _2ddc
_cBK
999 _c75120
_d75120